000 00660nam a2200205Ia 4500
005 20260121110310.0
008 008 260114s9999 xx 000 0 hin d
020 _a9788132351825
037 _aEBOOK
040 _aCRL
_bhin
_cCRL
041 _ahin
_2hin
084 _qCRL
100 _aचित्र सक्सेना / Chitra Saxena
_9944473
245 0 _aभारतीय लोक चित्रकला / Bhartiya Lok Chitrakala
260 _bभाषा प्रकाशन / Bhasha Prakashan
_c2020
856 _uhttps://bhashaprakashan.com/product-details/378522
942 _cEBOOK
999 _c1536137
_d1536137